| 000 | 01194cam a2200133 4500500 | ||
|---|---|---|---|
| 005 | 20260405085419.0 | ||
| 041 | _afre | ||
| 042 | _adc | ||
| 100 | 1 | 0 |
_aSchor, Ralph _eauthor |
| 245 | 0 | 0 | _aLa France dans la Première Guerre mondiale |
| 260 |
_bArmand Colin,
_c2005. |
||
| 520 | _aLa Première Guerre mondiale revêt un caractère exceptionnel qui tient à son extension à presque toute l'Europe continentale, au recours à toutes les forces militaires, économiques et morales des belligérants et à l'ampleur des pertes humaines et matérielles. Dans ce conflit aux allures de cataclysme, la France subit sur son sol les principaux combats et éprouve les pertes les plus lourdes. Véritable traumatisme psychologique, cette guerre contribue, en retour, à l'évolution des mentalités et des comportements à laquelle participe, entre autres, la mutation accélérée du système de production. En quatre années, la France passe brutalement du XIVe au XVe siècle. Ralph Schor est professeur d'histoire contemporaine à l'université de Nice. | ||
| 856 | 4 | 1 | _uhttps://shs.cairn.info/la-france-dans-la-premiere-guerre-mondiale--9782200343866?lang=fr&redirect-ssocas=7080 |
| 999 |
_c2197385 _d2197385 |
||